Statistics for Countries Where Abortion On Request Is Legal

Click here to take the quiz!

General Stats

  • This quiz has been taken 54 times
  • The average score is 46 of 67

Answer Stats

SinceCountry% Correct
1955Russia
95%
1974Sweden
91%
2023Finland
88%
1984Netherlands
88%
1979Norway
88%
2007Portugal
88%
2010Spain
88%
1973Denmark
86%
1955Estonia
86%
1955Latvia
86%
1955Lithuania
86%
1990Belgium
84%
1990Bulgaria
84%
1957China
84%
1987Czech Republic
84%
1992Germany
84%
1988Canada
81%
1978Italy
81%
1978Luxembourg
81%
1990Romania
81%
1977Serbia
81%
1955Ukraine
81%
1975France
79%
1986Greece
79%
2019Iceland
79%
2019Ireland
79%
1955Moldova
79%
1987Slovakia
79%
1975Austria
77%
1955Belarus
77%
1977Bosnia and Herzegovina
77%
1977Slovenia
77%
2021South Korea
77%
1996Albania
74%
1955Armenia
74%
1977Croatia
74%
1977Montenegro
74%
2002Switzerland
74%
1965Cuba
72%
2021Argentina
70%
1955Azerbaijan
70%
1955Georgia
70%
2020New Zealand
70%
1955Kazakhstan
67%
1983Turkey
67%
1955Tajikistan
65%
2021Thailand
65%
1955Kyrgyzstan
63%
1977North Macedonia
63%
1997South Africa
63%
1955Uzbekistan
63%
2022Colombia
60%
1974Singapore
60%
1955Turkmenistan
60%
1975Vietnam
60%
2011Uruguay
58%
2018Cyprus
53%
1989Mongolia
53%
2022San Marino
51%
1997Cambodia
49%
2002Nepal
47%
1995Guyana
28%
1973Tunisia
19%
1986Cape Verde
12%
2015Mozambique
12%
2012São Tomé and Principe
9%
1993Guinea-Bissau
7%

Score Distribution

Percentile by Number Answered

Percent of People with Each Score

Your Score History

You have not taken this quiz